000
00297 a2200133 4500
999
_c
324857
_d
324857
001
89784
003
NUST
082
_a
813.54 GRI
100
_a
Grisham John
_9
9825
245
_a
The Broker
260
_a
London
_b
Arrow Books
_c
2005
300
_a
vi, 474p.
500
_a
General Books
942
_a
CAE NUST
_c
BK
_k
813.54 GRI
_2
ddc